Science spaces : Architecture & Design

Na minha lista:
Detalhes bibliográficos
Formato: Livro
Publicado em: Köln : daab, 2007
Tags: Adicionar Tag
Sem tags, seja o primeiro a adicionar uma tag!

MARC

LEADER 00000nam a22000003a 4500
001 stu246931
005 20150408182953.8
008 120523s2007----gw----------------------d
020 |a 978-3-86654-031-6 
040 |a STU  |b slo 
041 0
044 |a gw 
245 |a Science spaces :  |b Architecture & Design 
260 |a Köln :  |b daab,  |c 2007 
300 |a 237 s 
996 |b 284V032445  |c V*51602/O-23062a  |l VVS  |s A  |a 24  |w stu246931_0001 
996 |b 284V032446  |c V*51601/O-23062  |l VVT  |s A  |a 24  |w stu246931_0002